Citizens and governance in Pakistan : (Record no. 16267)

000 -LEADER
fixed length control field 01097cam a22003254a 4500
001 - CONTROL NUMBER
control field 15905393
005 - DATE AND TIME OF LATEST TRANSACTION
control field 20170105102936.0
008 - FIXED-LENGTH DATA ELEMENTS--GENERAL INFORMATION
fixed length control field 090915s2009 pk b 000 0 eng
010 ## - LIBRARY OF CONGRESS CONTROL NUMBER
LC control number 2009361096
020 ## - INTERNATIONAL STANDARD BOOK NUMBER
International Standard Book Number 9789698957483
025 ## - OVERSEAS ACQUISITION NUMBER
Overseas acquisition number P-E-2009361096; 29
040 ## - CATALOGING SOURCE
Original cataloging agency DLC
Transcribing agency DLC
Modifying agency DLC
042 ## - AUTHENTICATION CODE
Authentication code lcode
043 ## - GEOGRAPHIC AREA CODE
Geographic area code a-pk---
050 00 - LIBRARY OF CONGRESS CALL NUMBER
Classification number JQ629.A91
Item number M39 2009
082 ## - DEWEY DECIMAL CLASSIFICATION NUMBER
Classification number 306.2095491
Author Mark MAL 2009
100 1# - MAIN ENTRY--PERSONAL NAME
Personal name Malik, Nadeem.
245 10 - TITLE STATEMENT
Title Citizens and governance in Pakistan :
Remainder of title an analysis of people's voices /
Statement of responsibility, etc. Nadeem Malik.
246 17 - VARYING FORM OF TITLE
Title proper/short title Civil society in the new millennium
260 ## - PUBLICATION, DISTRIBUTION, ETC.
Place of publication, distribution, etc. Lahore :
Name of publisher, distributor, etc. Sanjh Publications,
Date of publication, distribution, etc. [2009].
300 ## - PHYSICAL DESCRIPTION
Extent 181 p. ;
Dimensions 22 cm.
504 ## - BIBLIOGRAPHY, ETC. NOTE
Bibliography, etc. note Includes bibliographical references (p. 180-181).
650 #0 - SUBJECT ADDED ENTRY--TOPICAL TERM
Topical term or geographic name entry element Civil society
Geographic subdivision Pakistan
General subdivision Public opinion.
650 #0 - SUBJECT ADDED ENTRY--TOPICAL TERM
Topical term or geographic name entry element Public opinion
Geographic subdivision Pakistan.
651 #0 - SUBJECT ADDED ENTRY--GEOGRAPHIC NAME
Geographic name Pakistan
General subdivision Politics and government
Chronological subdivision 1988-
General subdivision Public opinion.
651 #0 - SUBJECT ADDED ENTRY--GEOGRAPHIC NAME
Geographic name Pakistan
General subdivision Economic conditions
-- Public opinion.
906 ## - LOCAL DATA ELEMENT F, LDF (RLIN)
a 7
b cbc
c origode
d 3
e ncip
f 20
g y-gencatlg
942 ## - ADDED ENTRY ELEMENTS (KOHA)
Source of classification or shelving scheme
Koha item type Book
Holdings
Withdrawn status Lost status Damaged status Not for loan Collection code Permanent Location Current Location Shelving location Date acquired Total Checkouts Full call number Barcode Date last seen Price effective from Koha item type
          Centre for International Peace & Stability (CIPS) Centre for International Peace & Stability (CIPS) General Stacks 03/14/2016   306.2095491 MAL 2009 CIPS0002755 03/14/2016 03/14/2016 Book
© 2023 Central Library, National University of Sciences and Technology. All Rights Reserved.